| 000 | 004440000a22001810004500 | ||
|---|---|---|---|
| 003 | MACL | ||
| 005 | 20151227124216.0 | ||
| 008 | 151227b xxu||||| |||| 00| 0 eng d | ||
| 040 |
_aMACL _cMACL |
||
| 041 | _aEnglish | ||
| 082 | _a020/RAN | ||
| 100 |
_aRanganathan, S R _923099 |
||
| 245 | _aLibrary Administration | ||
| 260 |
_bAsian Publishers _c1959 |
||
| 350 | _a24 | ||
| 650 |
_aLibrary & information _923100 |
||
| 942 |
_cBK _k020/Ran _2ddc |
||
| 999 |
_c34774 _d34774 |
||